00504 2200181 4500001002100000005001500021035002000036245007000056100001900126260004400145300002600189020002200215084001400237082000800251650001000259008004100269990001200310INLIS00000000000270020251007090751 a0010-09250000471 aKarierku Dimasa Depan: Bekerja Sebagai Wartawan /cYugha Erlangga aYugha Erlangga aJakarta :bEsensi Erlangga Group,c2022 a119 ;c(14,5 x 21 cm) a978-623-7478-43-0 a600 YUG k a600 4aFiksi251007 0  a0754902